000 00310nam a22001337a 4500
008 171102b xxu||||| |||| 00| 0 eng d
020 _a9780805365061
041 _aeng
080 _23 ED
_a339.138
100 _a60
101 _aMAR
245 _aTOTAK FITNNESS AND WELLNESS
_cSCOTT.K.P
942 _2udc
_cBK
999 _c37415
_d37415